|
|
|
|
| LEADER |
01957nab#a2200529#ar4500 |
| 001 |
000125421 |
| 003 |
SVKKK |
| 005 |
20190205152246.0 |
| 008 |
131126d1915 xo |||||||||||||||b|hun |
| FMT |
|
|
|
| 038 |
|
|
|a SVKKK
|
| 040 |
|
|
|a SVKKK
|b slo
|e AACR2
|
| 041 |
0 |
|
|a hun
|
| 044 |
|
|
|a xo
|c SK
|
| 080 |
|
|
|a 323.37
|2 2011
|
| 080 |
|
|
|a 316.343.656
|2 2011
|
| 080 |
|
|
|a 35
|2 2011
|
| 080 |
|
|
|a 352.9
|2 2011
|
| 080 |
|
|
|a 353.2
|2 2011
|
| 080 |
|
|
|a 353.9
|2 2011
|
| 080 |
|
|
|a (439.22)
|2 2011
|
| 242 |
1 |
0 |
|a Dve miesta slúžnych.
|
| 245 |
1 |
0 |
|a Két szolgabirói állás
|
| 520 |
3 |
|
|a Vzhľadom na zvolenie hlavných slúžnych László Farkasa a Bélu Hortiho sa na ich uvoľnené pozície slúžnych vypísaný konkurz prihlásili podnotár municipálneho výboru a praktikant verejnej správy Dr. Artur Blazsur a slúžny municipálneho výboru a praktikant verejnej správy Dr. Arisztid Várady Szakmáry, ktorý svoj obežník rozposlal členom municipálneho výboru Spišskej župy.
|
| 600 |
1 |
4 |
|a Farkas, László,
|x hlavný slúžny
|y 1915
|z Levoča (Slovensko)
|
| 600 |
1 |
4 |
|a Horti, Béla,
|x hlavný slúžny
|y 1915
|z Stará Ľubovňa (Slovensko)
|
| 600 |
1 |
4 |
|a Blazsur, Artur
|c JUDr.
|d ?
|x župný podnotár
|y 1915
|z Stará Ľubovňa (Slovensko)
|
| 600 |
1 |
4 |
|a Várady-Szakmáry, Arisztid
|c JUDr.
|d 1889-1921
|x slúžny
|y 1915
|z Levoča (Slovensko)
|
| 648 |
0 |
4 |
|a 1915
|
| 650 |
0 |
4 |
|a úradníci
|
| 650 |
0 |
4 |
|a štátni úradníci
|
| 650 |
0 |
4 |
|a verejná správa
|
| 650 |
0 |
4 |
|a mestská správa
|
| 650 |
0 |
4 |
|a miestna samospráva
|
| 650 |
0 |
4 |
|a župné samosprávy
|
| 650 |
0 |
4 |
|a samospráva územných oblastí
|
| 650 |
0 |
4 |
|a Spišská župa
|
| 651 |
|
4 |
|a Levoča (Slovensko)
|
| 651 |
|
4 |
|a Stará Ľubovňa (Slovensko)
|
| 655 |
|
4 |
|a hungariká
|
| 773 |
0 |
|
|t Szepesi Lapok : Politikai És Tátrai Ujság
|g Roč. XXXI, č. 69 (20.6.1915), s. 4
|
| 958 |
|
|
|a HU
|
| 974 |
|
|
|a vsz
|
| 992 |
|
|
|a RBX
|
| BAS |
|
|
|
| 852 |
|
|
|a SVKKK
|b BIB
|
| 998 |
|
|
|a RETRO
|